Data structures using C (Record no. 67427)

MARC details
000 -LEADER
fixed length control field 00361nam a2200145Ia 4500
008 - FIXED-LENGTH DATA ELEMENTS--GENERAL INFORMATION
fixed length control field 230917s9999||||xx |||||||||||||| ||und||
040 ## - CATALOGING SOURCE
-- 138900
Original cataloging agency VIVEKANANDA LIBRARY
041 ## - Language
-- English
082 ## - DDC NUMBER
Classification number 005.28 T253D
100 ## - MAIN ENTRY--PERSONAL NAME
Personal name Tenenbaum, Aaron M
245 #0 - TITLE STATEMENT
Title Data structures using C
260 ## - PUBLICATION, DISTRIBUTION, ETC. (IMPRINT)
Place of publication, distribution, etc Englewood Cliffs
Name of publisher, distributor, etc Prentice-Hall
Date of publication, distribution, etc 1990
300 ## - PHYSICAL DESCRIPTION
Pages 662 p.
942 ## - ADDED ENTRY ELEMENTS (KOHA)
Koha item type Books
Holdings
Withdrawn status Lost status Damaged status Not for loan Location (home branch) Sublocation or collection (holding branch) Shelving location Date acquired Koha issues (times borrowed) Koha full call number Accession No. Koha date last seen Koha item type
        VIVEKANANDA LIBRARY VIVEKANANDA LIBRARY UIET Library 18/02/2010   005.28 T253D 140237 17/09/2023 Books
© Designed and Maintained by Vivekananda Library, MDU Rohtak